000 00278nam a22001337a 4500
008 170207b xxu||||| |||| 00| 0 eng d
020 _a0721616418
041 _aeng
080 _a61
100 _a4
101 _aSHM
245 _aTEXTBOOK MEDICINE
_cBEARN .G
942 _2udc
_cBK
999 _c4813
_d4813